Sports Quiz

Random Sports Quiz

50 Greatest Detroit Lions Quiz Stats

 Plays Quiz not verified by Sporcle

Challenge
Share
Tweet
Embed
Score 0/50 Timer 12:00
0 Plays Today
Rank Player % Correct
1Barry Sanders
98.1%
11Charlie Sanders
93.7%
31Calvin Johnson
82.1%
10Herman Moore
77.5%
2Bobby Layne
73.8%
32Jason Hanson
72.4%
9Billy Sims
70.8%
3Dick Lane
63.3%
22Chris Spielman
51.5%
36Lomas Brown
49.2%
39Reggie Brown
49.2%
7Len Barney
44.5%
18Eddie Murray
44.1%
26Greg Landry
42%
44Ndamakong Suh
41.8%
12Alex Karras
40.8%
4Joe Schmidt
40.4%
47Johnnie Morton
40.4%
24Brett Perriman
39.2%
19Robert Porcher
38.5%
15Mel Gray
37.4%
8Dick LeBeau
36.7%
6Doak Walker
36.4%
17Wayne Walker
36.2%
25Bennie Blades
34.3%
Rank Player % Correct
43Gary Danielson
32.5%
40Mel Farr
26.2%
5Yale Lary
23%
35Jerry Ball
21.3%
41Freddie Scott
19.7%
42Shaun Rogers
19.7%
50Kevin Glover
19.5%
23Al Baker
19%
21Doug English
18.6%
14Dutch Clark
18.1%
37Dexter Bussey
15.3%
38David Hill
15.1%
45Stephen Boyd
14.8%
20Tobin Rote
13.7%
33Terry Barr
12.5%
13Jack Christiansen
11.8%
48Leonard Thompson
11.4%
29William Gay
10.2%
46Mike Cofer
9.5%
34Cloyce Box
7%
30Keith Dorney
6.5%
28James Hunter
5.3%
27Darris McCord
4.2%
49Nick Pietrosante
3.7%
16Les Bingaman
3%

You're not logged in!

Compare scores with friends on all Sporcle quizzes.
Join for Free
OR
Log In

You Might Also Like...

Show Comments

Extras

Created Jan 17, 2011ReportNominate
Tags:Detroit Lions

Top Quizzes Today


Score Distribution

Your Account Isn't Verified!

In order to create a playlist on Sporcle, you need to verify the email address you used during registration. Go to your Sporcle Settings to finish the process.

Report this User

Report this user for behavior that violates our Community Guidelines.

Details: